banner-ar

الفرنسيون فى صعيد مصر : (Record no. 63360)

MARC details
000 -الفاتح
حقل البيانات ثابتة الطول 01005nam a22002417a 4500
005 - وقت وتاريخ اخر تعامل مع التسجيلة
رقم الضبط 20240530110636.0
008 - عناصر البيانات ثابتة الطول - معلومات عامة
حقل البيانات ثابتة الطول 170925s2012 ua f b 000 0 ara d
017 ## - رقم الايداع القانونى
رقم الايداع القانونى 2012/15389
المصدر ( الهيئة المختصة) مصر. دار الكتب
020 ## - الرقم الدولى المعيارى للكتب
الرقم الدولى المعيارى للكتاب 9789771809197
040 ## - مصدر الفهرسة
وكالة الفهرسة الأصلية EG-CaGPL
وكالة النسخ EG-CaGPL
082 04 - رقم تصنيف ديوى العشرى
رقم الطبعة 21
رقم التصنيف 962.2 \
رقم المادة ق/ ن ف
100 0# - المدخل الرئيسى - إسم شخصى
الإسم الشخصى ناصر احمد ابراهيم
245 12 - بيان العنوان
العنوان الفرنسيون فى صعيد مصر :
بقية العنوان المواجهة المالية ( 1798 - 1801 ) /
بيان المسئوليه,etc تاليف ناصر احمد ابراهيم
250 ## - بيان الطبعة
بيان الطبعة ط. 2
260 ## - PUBLICATION, DISTRIBUTION, ETC. (IMPRINT)
تاريخ النشر أو التوزيع 2012.
300 ## - الوصف المادى
التعداد 278 ص. ؛
أبعاد الوعاء 24 سم +
المادة المصاحبة ملاحق.
490 0# - بيان السلسلة
عنوان السلسلة مصر النهضة ؛
رقم المجلد/ التعيين التسلسلي 60
504 ## - تبصرة ببليوجرافية
تبصرة ببليوجرافية,الخ يشتمل على ارجاعات ببليوجرافية
651 07 - المدخل الاضافى بالموضوع - اسم جغرافى
مصدر الرأس أو المصطلح qrmak
الاسم الجغرافي مصر
التقسيم الفرعي العام تاريخ
651 07 - المدخل الاضافى بالموضوع - اسم جغرافى
مصدر الرأس أو المصطلح qrmak
الاسم الجغرافي مصر
التقسيم الفرعي العام تاريخ
-- الحملة الفرنسية ( 1798 - 1801 م )
942 ## - عناصر المدخل الإضافي( كوها)
مصدر التصنيف او مخطط الترفيف Dewey Decimal Classification
Koha [default] item type كتاب
260 ## - PUBLICATION, DISTRIBUTION, ETC. (IMPRINT)
-- القاهرة :
-- مطبعة دار الكتب و الوثائق القومية بالقاهرة ،
Holdings
حالة التراجع حالة الفقد حالة تلف ليس للاعارة المكان المؤقت الموقع الحالى موقع الترفيف تاريخ الاكتساب اجمالي اﻻعارات رقم الطلب الباركود تاريخ اخر مشاهدة تاريخ تفعيل السعر نوع وعاء كوها
        مكتبة القاهرة الكبرى مكتبة القاهرة الكبرى   09/25/2017   962.2 \ ق/ ن ف 163347 09/25/2017 09/25/2017 كتاب

Powered By

EGPV